Normal view
MARC view
- Supervisor:Dr Athar Mahboob
Entry Personal Name
001 - CONTROL NUMBER
- control field: 124436
003 - CONTROL NUMBER IDENTIFIER
- control field: NUST
005 - DATE AND TIME OF LATEST TRANSACTION
- control field: 20240711124800.0
008 - FIXED-LENGTH DATA ELEMENTS
- fixed length control field: 240711|| aca||aabn | a|a d
040 ## - CATALOGING SOURCE
- Original cataloging agency: NUST
- Transcribing agency: NUST
100 ## - HEADING--PERSONAL NAME
- Personal name: Supervisor:Dr Athar Mahboob
670 ## - SOURCE DATA FOUND
- Source citation: Work cat.: (NUST): Latif Kashif 19347, Efficient Resource Utilization of Reconfigurable Hardware Devices for SHA-3 Cryptgraphic Hash Algorithm Candidates/
